000 00589nam a22001577a 4500
999 _c535821
_d535821
020 _qHard Cover.
082 _a615
100 _aMuhammd Wasiullah Khan.
245 _aROLE OF VERAPAMIL IN THE PREVENTION OF NSAIDs INDUCED GASRTOPATHY ALONE AND IN COMBINATON WITH RANITIDINE IN RABBITS /
_cMuhammd Wasiullah Khan.
260 _aIslamabad :
_bAMC - NUST,
_c2016.
300 _axvii, 114 p. : ill. ;
_c30cm.
942 _2ddc
_cTHE
650 _aPharmacology and Therapeutics M Phil.-Thesis.
_930655
700 _aAkbar Waheed.
_930692